Culture Générale - Série 2080 - Statistiques

Statistiques générales
  • Ce quiz a été pris 135 fois
  • Le résultat moyen est 5 sur 10
Statistiques - réponses
Question Réponse % Correct
Quel est le deuxième plus petit état du monde ? Monaco
80%
Quel pays a des frontières communes avec la Turquie, la Géorgie, l'Azerbaïdjan et l'Iran ? voir drapeau Arménie
74%
Quelle est la préfecture de la Moselle (57) ? Metz
67%
De quel pays Nuuk est-elle la capitale ? Groenland
60%
Dans quelle ville du Maine-et-Loire se trouve l'Ecole nationale d'équitation ? Saumur
56%
Quelle capitale européenne était appelée autrefois, de 1624 à 1924 "Christiania" ? Oslo
47%
En Ethiopie, quel titre nobiliaire portait les souverains ? négus
27%
Comment s'appelait autrefois,de 1799 à 1942, la capitale de l'Indonésie ? Batavia
23%
Quelle ville de Finlande, capitale de la Laponie, est considérée comme la demeure du "Père Noël" ? Rovaniemi
22%
Qui fait équipe avec Lino Ventura dans le film "Dernier domicile connu" de José Giovanni en 1970 ? prénom et nom Marlène Jobert
14%
Aucun quiz correspondant
Distribution des résultats
% des personnes avec chaque résultat
Percentile par nombre de réponses
Votre historique - résultats
Vous n’avez pas pris ce quiz